000 00502nam a22001817a 4500
005 20251108164820.0
008 250721s1996 xx 000 0 ara d
082 1 4 _a811.9565/نصا
100 1 _aالنصار، محمد تركي
245 1 0 _aحياة ثالثة /
264 1 _aعمان :
_bدار الفارس للنشر،
_c1996.
300 _a93ص.
650 1 7 _aالشعر العربي
650 1 7 _aالعصر الحديث
650 1 7 _aالأردن
942 _2ddc
_cBK
999 _c15018
_d15018